Les Révolutionnaires ( One Piece ) - Statistiques

Statistiques générales
  • Ce quiz a été pris 101 fois
  • Le résultat moyen est 10 sur 18
Statistiques - réponses
Par images Réponse % Correct
Dragon
100%
Sabo
100%
Kuma
97%
Ivankov
96%
Inazuma
89%
Koala
89%
Betty
76%
Hack
72%
Morley
70%
Karaso
65%
Lindbergh
58%
Moda
18%
Ahiru
16%
Gambo
16%
Gilteo
16%
Joe
16%
Ushiano
14%
Max
9%
Aucun quiz correspondant
Distribution des résultats
% des personnes avec chaque résultat
Percentile par nombre de réponses
Votre historique - résultats
Vous n’avez pas pris ce quiz